[Event "MVP-ch Seniors op 14th"]
[White "Kotlar, Alfred"]
[Black "Vietinghoff, Klaus"]
[Site "Binz"]
[Round "6"]
[Result "1-0"]
[Date "2014.11.30"]
[WhiteElo "1953"]
[BlackElo "1678"]
[PlyCount "122"]
[EventDate "2014.11.25"]
[EventType "swiss"]
[EventRounds "9"]
[EventCountry "GER"]
[SourceTitle "EXT 2016"]
[Source "ChessBase"]
[SourceDate "2015.10.08"]
[SourceVersion "1"]
[SourceVersionDate "2015.10.08"]
[SourceQuality "1"]

1. d4 f5 2. Nf3 Nf6 3. h4 e6 4. h5 Be7 5. Bf4 b6 6. e3 Bb7 7. Nbd2 0-0 8. Bc4 c5 9. c3 d5 10. Be2 Bd6 11. Bg5 Qe8 12. h6 g6 13. Bxf6 Rxf6 14. Ng5 Qe7 15. a3 Rf8 16. Nh3 Nd7 17. f4 Nf6 18. Ng5 Ne4 19. Ngxe4 fxe4 20. Bg4 Rf7 21. Qe2 c4 22. g3 Kh8 23. Qh2 Raf8 24. Ke2 b5 25. Qh4 Rf6 26. Nf1 a5 27. Kd2 Qc7 28. Qh3 Bc8 29. Qg2 Bd7 30. Be2 b4 31. axb4 axb4 32. Nh2 Rb8 33. Ra2 Rff8 34. Rc1 Ra8 35. Rca1 Rxa2 36. Rxa2 Qb7 37. Qg1 Rb8 38. Qa1 bxc3+ 39. bxc3 Kg8 40. Ng4 Kf7 41. Ra7 Qc8 42. Ne5+ Bxe5 43. fxe5 Ke7 44. Qa3+ Ke8 45. Bg4 Rb7 46. Ra8 Rb8 47. Ra6 Kf7 48. Qa1 Ke7 49. Bd1 Qf8 50. Ra7 Qf2+ 51. Be2 Ke8 52. g4 Ke7 53. Qa3+ Ke8 54. Rxd7 Kxd7 55. Qd6+ Kc8 56. Qxe6+ Kc7 57. Qd6+ Kc8 58. Qc6+ Kd8 59. Qxd5+ Kc8 60. Qxc4+ Kd7 61. Qd5+ Kc8 1-0

[Event "MVP-ch Seniors op 14th"]
[White "Kotlar, Alfred"]
[Black "Willin, Bernhard"]
[Site "Binz"]
[Round "2"]
[Result "1-0"]
[Date "2014.11.26"]
[WhiteElo "1953"]
[BlackElo "1776"]
[PlyCount "125"]
[EventDate "2014.11.25"]
[EventType "swiss"]
[EventRounds "9"]
[EventCountry "GER"]
[SourceTitle "EXT 2016"]
[Source "ChessBase"]
[SourceDate "2015.10.08"]
[SourceVersion "1"]
[SourceVersionDate "2015.10.08"]
[SourceQuality "1"]

1. d4 Nf6 2. Nf3 e6 3. Bf4 d5 4. Nbd2 Bd6 5. Bg5 c5 6. e3 Nbd7 7. Be2 0-0 8. 0-0 b6 9. c3 Bb7 10. Qc2 Qc7 11. Rac1 Rac8 12. Bh4 Rfe8 13. Bb5 a6 14. Bd3 h6 15. Bg3 e5 16. dxe5 Nxe5 17. Nxe5 Bxe5 18. Nf3 Bxg3 19. hxg3 Rcd8 20. Rcd1 Bc8 21. Rfe1 Bb7 22. Nd2 Re7 23. Be2 Rde8 24. Nf3 g6 25. Nh4 Ne4 26. Nf3 Nxg3 27. fxg3 Qxg3 28. Bf1 Rxe3 29. Rxe3 Rxe3 30. Qf2 Qf4 31. Ne1 Qe5 32. Nc2 Rg3 33. Re1 Qg5 34. Re8+ Kg7 35. Ne1 h5 36. Nf3 Qf4 37. Re7 Bc8 38. Rxf7+ Qxf7 39. Qxg3 Bf5 40. Bxa6 Qa7 41. Qe5+ Kh6 42. Qh8+ Qh7 43. Qf6 Qa7 44. Qh8+ Qh7 45. Qxh7+ Kxh7 46. Bb7 Kg7 47. Bxd5 Kf6 48. Kf2 g5 49. Ke3 h4 50. b4 Bd7 51. a3 h3 52. gxh3 Bxh3 53. bxc5 bxc5 54. a4 Bc8 55. a5 g4 56. Nd2 Ke5 57. Bc4 Bb7 58. a6 Ba8 59. Nf1 Bg2 60. Ng3 Bc6 61. Be2 Kd6 62. Bxg4 c4 63. Bf3 1-0

[Event "Hessen-ch Seniors op 10th"]
[White "Kotlar, Alfred"]
[Black "Barlo, Werner"]
[Site "Bad Sooden-Allendorf"]
[Round "4"]
[Result "1-0"]
[Date "2014.04.29"]
[WhiteElo "2078"]
[BlackElo "1845"]
[PlyCount "95"]
[EventDate "2014.04.26"]
[EventType "swiss"]
[EventRounds "9"]
[EventCountry "GER"]
[SourceTitle "EXT 2018"]
[Source "ChessBase"]
[SourceDate "2017.10.13"]
[SourceVersion "1"]
[SourceVersionDate "2017.10.13"]
[SourceQuality "1"]

1. d4 Nf6 2. Nf3 e6 3. Bf4 d5 4. Nbd2 Bd6 5. Bg5 Nbd7 6. c4 c6 7. e3 h6 8. Bh4 Qa5 9. c5 Be7 10. a3 b5 11. b4 Qd8 12. Nb3 Ne4 13. Bxe7 Qxe7 14. Na5 Nb8 15. Bd3 f6 16. Qc2 0-0 17. Bxe4 dxe4 18. Qxe4 Bd7 19. 0-0 a6 20. Rad1 Re8 21. Qh4 Ra7 22. Qg3 Rd8 23. Nd2 Be8 24. Ne4 Rad7 25. Nd6 Kh7 26. Rc1 Bg6 27. Rc3 Rf8 28. f4 f5 29. Qf3 Rc7 30. g3 Kh8 31. Kf2 Kh7 32. Rh1 h5 33. h3 Rh8 34. Rcc1 Kg8 35. Rhg1 Rh6 36. Rge1 Qf6 37. Re2 Kf8 38. Rd1 h4 39. g4 fxg4 40. hxg4 Qe7 41. Rh1 Kg8 42. e4 h3 43. Rxh3 Rxh3 44. Qxh3 Qf6 45. Ke3 Nd7 46. Rh2 Kf8 47. g5 Qd8 48. Qh8+ 1-0

[Event "MVP-ch Seniors op 13th"]
[White "Kotlar, Alfred"]
[Black "Kahn, Peter"]
[Site "Binz"]
[Round "8"]
[Result "1/2-1/2"]
[Date "2013.12.04"]
[WhiteElo "1863"]
[BlackElo "1984"]
[PlyCount "81"]
[EventDate "2013.11.27"]
[EventType "swiss"]
[EventRounds "9"]
[EventCountry "GER"]
[SourceTitle "EXT 2015"]
[Source "ChessBase"]
[SourceDate "2014.11.20"]
[SourceVersion "1"]
[SourceVersionDate "2014.11.20"]
[SourceQuality "1"]

1. d4 c5 2. Bf4 cxd4 3. Qxd4 Nc6 4. Qa4 Qb6 5. Bc1 d5 6. c3 Nf6 7. e3 e6 8. Nd2 Bd7 9. Qb3 Qc7 10. Ngf3 Bd6 11. Be2 0-0 12. 0-0 e5 13. h3 Rfe8 14. Qd1 Rad8 15. b3 e4 16. Nd4 Nxd4 17. cxd4 h6 18. Bb2 Nh7 19. Rc1 Qb8 20. Bg4 f5 21. Bh5 Re6 22. f4 g6 23. Be2 Rf8 24. Kh1 g5 25. g3 Rg6 26. Qe1 Kh8 27. Qf2 Rfg8 28. Rg1 Qd8 29. Nb1 Nf6 30. Nc3 a6 31. Rcf1 Qe7 32. Qe1 Rc8 33. Qb1 Be6 34. Rc1 Rgg8 35. Na4 gxf4 36. gxf4 Kh7 37. Rxc8 Rxc8 38. Rc1 Rxc1+ 39. Qxc1 Nd7 40. Qe1 Qg7 41. Qg1 1/2-1/2

[Event "MVP-ch Seniors op 13th"]
[White "Eidam, Horst"]
[Black "Kotlar, Alfred"]
[Site "Binz"]
[Round "7"]
[Result "0-1"]
[Date "2013.12.03"]
[WhiteElo "1737"]
[BlackElo "1863"]
[PlyCount "74"]
[EventDate "2013.11.27"]
[EventType "swiss"]
[EventRounds "9"]
[EventCountry "GER"]
[SourceTitle "EXT 2015"]
[Source "ChessBase"]
[SourceDate "2014.11.20"]
[SourceVersion "1"]
[SourceVersionDate "2014.11.20"]
[SourceQuality "1"]

1. d4 d5 2. Nf3 Bf5 3. e3 Nf6 4. c4 c6 5. Nc3 e6 6. Be2 h6 7. 0-0 Bd6 8. c5 Bc7 9. Nh4 Bh7 10. g3 Ne4 11. Bd3 0-0 12. f3 Nf6 13. Bxh7+ Nxh7 14. f4 Nd7 15. b4 b5 16. a4 a6 17. Bd2 Qe7 18. Qe2 Rfd8 19. Nf3 Qe8 20. Ne5 Ndf8 21. Ra2 f6 22. Nf3 e5 23. Rfa1 Nd7 24. axb5 axb5 25. Nxb5 cxb5 26. Qxb5 Rxa2 27. Rxa2 exf4 28. exf4 Qe4 29. Qf1 g5 30. Ra7 Bb8 31. Ra8 Re8 32. Qe1 Qg6 33. Qf2 Kf8 34. Qf1 gxf4 35. Qb5 fxg3 36. Qxd7 gxh2+ 37. Kf2 Qg3+ 0-1